Представление документа в формате RUSMARC

ПолеНазваниеЗначение
  Тип записи a
  Библиографический уровень a
001 Контрольный номер RU/CBS_UL/BASE/556217580
005 Дата корректировки 20250122233009.4
100 Данные общей обработки __
a Данные общей обработки 20170816d2017 ||| 0rusy0189 ca
101 Язык документа 0_
a Язык текста rus
102 Страна публикации __
a Страна публикации RU
105 Кодированные данные (монография) __
a Кодированные данные (монография) y###||||000|y
200 Заглавие и сведения об ответственности 1_
a Заглавие Две тысячи критериев на пациента
b Общее обозначение материала Текст
e Сведения, относящиеся к заглавию [беседа с Главой Росздравнадзора М.А. Мурашко о том, как повысить качество медпомощи и лекарств]
f Первые сведения об ответственности М.А. Мурашко
300 Общие примечания __
a Общие примечания Ограничения по возрасту - 16+
461 Уровень набора _0
1 2000
a Аргументы и факты
463 Уровень физической единицы _0
1 2000
a № 33 (16-22 августа)
v С. 3 : фото
1 2101
d 2017
1 001RU/CBS_UL/BASE/556817087
600 Персоналии _0
a Персоналии (Фамилия) Мурашко
b Персоналии (Имя, инициалы) М. А.
606 Тематические рубрики 0_
a Основная рубрика Здравоохранение - Российская Федерация
610 Ключевые слова 0_
a Ключевые слова здравоохранение
a Ключевые слова здравоохранение российское
a Ключевые слова Росздравнадзор
a Ключевые слова Федеральная служба по надзору в сфере здравоохранения
a Ключевые слова помощь медицинская
a Ключевые слова качество медицинской помощи
a Ключевые слова лекарства
686 Индексы других классификаций __
a Классификационный индекс 51.1(2)
2 Код системы ББК
700 Автор _1
a Фамилия Мурашко
b Имя (инициалы) М.А.
801 Источник записи _0
a Страна RU
b Организация МБУК ЦБС г. Ульяновска
c Дата составления 20170816
g Правила каталогизации RCR
801 Источник записи _1
a Страна RU
b Организация МБУК ЦБС г. Ульяновска
c Дата составления 20170816
g Правила каталогизации RCR
901 Тип документа __
t Тип документа f
w Контрольный № источника RU/CBS_UL/BASE/556817087
910 Корректоры записи __
a Корректор записи Библиотека 1
938 Служебная информация __
a Имя БД period